00522 2200193 4500001002100000005001500021008004100036020002200077035001900099041000700118082001300125090001900138100002200157700002600179245006200205260002700267300002100294650001300315INLIS00000000001953520241224115722241224||||||||| | ||| |||| || |  a979-602-8458-01-6 0010-1224019535 aid0 a297.1221 a297.1221 EMS a0 aEMSOE ADBURRAHMAN0 aPriyanto Ranoedarsono00aThe Amazing Stories of Al-quran Sejarah yang Harus Dibaca aJawa baratbSalamadani a299hlm,;23x15 cm 0aAl-Quran